[Event "GER-ch U25-A"]
[Site "Willingen"]
[Date "2023.05.31"]
[Round "5"]
[White "Grunert, Friedrich"]
[Black "Korbel, Joshua"]
[Result "1/2-1/2"]
[WhiteElo "1975"]
[BlackElo "1682"]
[PlyCount "151"]
[EventDate "2023.05.27"]
[EventType "swiss"]
[EventRounds "9"]
[EventCountry "GER"]
[SourceTitle "CBM 214 Extra"]
[Source "ChessBase"]
[SourceDate "2023.07.31"]
[SourceVersion "1"]
[SourceVersionDate "2023.07.31"]
[SourceQuality "1"]

1. d4 g6 2. c4 Bg7 3. Nc3 d6 4. e4 Nc6 5. Be3 e5 6. d5 Nce7 7. Bd3 f5 8. f3 Nf6 9. Nge2 fxe4 10. Nxe4 Nf5 11. Bf2 Bh6 12. 0-0 Ne3 13. Qc1 Neg4 14. Qc2 Nxe4 15. fxg4 Nxf2 16. Bxg6+ Ke7 17. Kxf2 hxg6 18. Qxg6 Qg8 19. Qxg8 Rxg8 20. h3 c6 21. Nc3 Bd2 22. Ne4 Ba5 23. Ke2 Rg6 24. g5 cxd5 25. cxd5 Bd7 26. a4 Bb4 27. h4 Rf8 28. Rxf8 Kxf8 29. Kf3 Bf5 30. Nf6 Rg7 31. g4 Bd7 32. h5 Bd2 33. g6 Ke7 34. Ne4 Bf4 35. g5 Kf8 36. h6 Rxg6 37. Rh1 Kg8 38. Nf6+ Rxf6 39. gxf6 Be8 40. Rg1+ Kh8 41. Rg7 Bh5+ 42. Kf2 Bxh6 43. Rxb7 a5 44. f7 Kg7 45. f8Q+ Kxf8 46. Rh7 Bc1 47. Rxh5 Bxb2 48. Rh7 Ba3 49. Ke3 Ke8 50. Kd3 Kd8 51. Kc4 Bb4 52. Kb5 Kc8 53. Kc6 Kd8 54. Rd7+ Ke8 55. Rb7 Kd8 56. Rh7 Bc5 57. Rg7 Bb4 58. Rb7 Bc5 59. Rd7+ Ke8 60. Rxd6 Bxd6 61. Kxd6 e4 62. Kc7 e3 63. d6 e2 64. d7+ Kf7 65. d8Q e1Q 66. Qd5+ Kf6 67. Kb6 Qb4+ 68. Qb5 Ke7 69. Ka6 Qxb5+ 70. Kxb5 Kd7 71. Kxa5 Kc7 72. Kb5 Kb7 73. a5 Ka7 74. a6 Kb8 75. Kb6 Ka8 76. a7 1/2-1/2

[Event "GER-ch U25-A"]
[Site "Willingen"]
[Date "2023.05.30"]
[Round "4"]
[White "Weidemann, Jakob"]
[Black "Grunert, Friedrich"]
[Result "1-0"]
[WhiteElo "2125"]
[BlackElo "1975"]
[PlyCount "81"]
[EventDate "2023.05.27"]
[EventType "swiss"]
[EventRounds "9"]
[EventCountry "GER"]
[SourceTitle "CBM 214 Extra"]
[Source "ChessBase"]
[SourceDate "2023.07.31"]
[SourceVersion "1"]
[SourceVersionDate "2023.07.31"]
[SourceQuality "1"]

1. e4 e6 2. d4 d5 3. Nd2 Nc6 4. Ngf3 Nf6 5. e5 Nd7 6. Nb3 a5 7. a4 Be7 8. c3 b6 9. h4 Ba6 10. h5 Bxf1 11. Kxf1 f6 12. exf6 Bxf6 13. Qe2 Qe7 14. Bf4 0-0 15. Bxc7 e5 16. dxe5 Ndxe5 17. Bxe5 Nxe5 18. Nxe5 Bxe5 19. Re1 Rae8 20. Rh3 Qd7 21. Qb5 Qxb5+ 22. axb5 a4 23. Rhe3 Bxc3 24. Rxe8 Bxe1 25. Rxf8+ Kxf8 26. Kxe1 axb3 27. Ke2 Ke7 28. Ke3 Ke6 29. Kd4 g5 30. hxg6 hxg6 31. f4 Kf5 32. Kxd5 Kxf4 33. Kc6 Ke3 34. Kxb6 Kd2 35. Kc5 Kc1 36. b6 Kxb2 37. b7 Kc2 38. b8Q b2 39. g4 b1Q 40. Qxb1+ Kxb1 41. Kd5 1-0

[Event "Basel Carnival op"]
[Site "Basel"]
[Date "2023.02.25"]
[Round "2"]
[White "Grunert, Friedrich"]
[Black "Peng, Li Min"]
[Result "0-1"]
[WhiteElo "1978"]
[BlackElo "2540"]
[PlyCount "66"]
[EventDate "2023.02.24"]
[EventType "swiss"]
[EventRounds "5"]
[EventCountry "SUI"]
[SourceTitle "CBM 213 Extra"]
[Source "ChessBase"]
[SourceDate "2023.05.31"]
[SourceVersion "1"]
[SourceVersionDate "2023.05.31"]
[SourceQuality "1"]

1. d4 Nf6 2. c4 e6 3. Nc3 Bb4 4. f3 d5 5. a3 Be7 6. cxd5 exd5 7. e3 0-0 8. Bd3 c5 9. Nge2 Nc6 10. 0-0 Re8 11. Kh1 a6 12. dxc5 Bxc5 13. e4 dxe4 14. Nxe4 Nxe4 15. Bxe4 Qxd1 16. Rxd1 f5 17. Bd5+ Be6 18. Bxe6+ Rxe6 19. Nf4 Rd6 20. Rxd6 Bxd6 21. Be3 Re8 22. Nd5 Be5 23. Rb1 Rd8 24. Nf4 Kf7 25. Kg1 g5 26. Nh3 h6 27. f4 Rd3 28. Kf2 gxf4 29. Bxf4 Bg7 30. b4 Ne7 31. a4 Nd5 32. Bc1 Nc3 33. Nf4 Bd4+ 0-1

[Event "EU Union-ch U14"]
[Site "Kouty nad Desnou"]
[Date "2018.08.11"]
[Round "5"]
[White "Toth, Nikoletta"]
[Black "Grunert, Friedrich"]
[Result "1-0"]
[WhiteElo "1839"]
[BlackElo "1914"]
[PlyCount "57"]
[EventDate "2018.08.07"]
[EventType "swiss"]
[EventRounds "9"]
[EventCountry "CZE"]
[SourceTitle "CBM 186 Extra"]
[Source "ChessBase"]
[SourceDate "2018.08.24"]
[SourceVersion "1"]
[SourceVersionDate "2018.08.24"]
[SourceQuality "1"]

1. d4 d5 2. c4 e6 3. Nc3 Be7 4. Nf3 Nf6 5. e3 0-0 6. Bd3 b6 7. 0-0 Bb7 8. b3 Nbd7 9. Bb2 c5 10. Rc1 Ne4 11. Nd2 f5 12. Ndxe4 fxe4 13. Be2 Nf6 14. f3 dxc4 15. bxc4 exf3 16. Bxf3 Bxf3 17. Rxf3 Bd6 18. h3 a6 19. Qe2 e5 20. d5 e4 21. Rxf6 Rxf6 22. Nxe4 Rg6 23. Nxd6 Qxd6 24. e4 Re8 25. e5 Rg5 26. Re1 Qg6 27. e6 Rd8 28. Qd2 Rf5 29. e7 1-0

[Event "EU Union-ch U14"]
[Site "Kouty nad Desnou"]
[Date "2018.08.10"]
[Round "4"]
[White "Grunert, Friedrich"]
[Black "Dudova, Pavlina"]
[Result "1-0"]
[WhiteElo "1914"]
[BlackElo "1465"]
[PlyCount "63"]
[EventDate "2018.08.07"]
[EventType "swiss"]
[EventRounds "9"]
[EventCountry "CZE"]
[SourceTitle "CBM 186 Extra"]
[Source "ChessBase"]
[SourceDate "2018.08.24"]
[SourceVersion "1"]
[SourceVersionDate "2018.08.24"]
[SourceQuality "1"]

1. e4 e5 2. Nf3 Nc6 3. Bb5 a6 4. Ba4 Nf6 5. 0-0 Be7 6. Re1 b5 7. Bb3 d6 8. c3 0-0 9. h3 Na5 10. Bc2 c5 11. d4 Qc7 12. Nbd2 Nc6 13. d5 Nd8 14. Nf1 Ne8 15. b3 f6 16. g4 Nf7 17. Ng3 g6 18. Nh2 Ng7 19. h4 Bd7 20. Be3 Qc8 21. Kh1 f5 22. exf5 gxf5 23. gxf5 Bxf5 24. Nxf5 Nxf5 25. Qh5 Nd8 26. Rg1+ Kh8 27. Qg4 Bf6 28. Bxf5 Qc7 29. Bh6 Re8 30. Bd7 Nb7 31. Bg7+ Bxg7 32. Qxg7# 1-0

[Event "GER-ch U25-A"]
[Site "Willingen"]
[Date "2018.05.21"]
[Round "3"]
[White "Herbrig, Marie Helen"]
[Black "Grunert, Friedrich"]
[Result "0-1"]
[WhiteElo "1907"]
[BlackElo "1812"]
[PlyCount "134"]
[EventDate "2018.05.19"]
[EventType "swiss"]
[EventRounds "9"]
[EventCountry "GER"]
[SourceTitle "CBM 184 Extra"]
[Source "ChessBase"]
[SourceDate "2018.06.28"]
[SourceVersion "1"]
[SourceVersionDate "2018.06.28"]
[SourceQuality "1"]

1. d4 d5 2. Nf3 Nf6 3. Bf4 c5 4. c3 Nc6 5. e3 Qb6 6. Qc1 Bf5 7. Nbd2 h6 8. dxc5 Qxc5 9. Nb3 Qb6 10. Nbd4 Bh7 11. Bb5 a6 12. Ba4 e6 13. 0-0 Be7 14. Nxc6 bxc6 15. c4 0-0 16. Ne5 Rfc8 17. Qd2 Ne4 18. Qe2 f6 19. Nf3 e5 20. Bg3 Rab8 21. cxd5 Nc5 22. Bxc6 Bd3 23. Qd1 Bxf1 24. Kxf1 Qxb2 25. Nd2 Rxc6 26. dxc6 Qb5+ 27. Kg1 Qxc6 28. Rc1 Rd8 29. Qc2 Qd5 30. Nc4 Qd3 31. f3 Qxc2 32. Rxc2 e4 33. Kf2 exf3 34. gxf3 Nd3+ 35. Ke2 Nb4 36. Rb2 Rc8 37. Nb6 Rc1 38. Be1 Rxe1+ 39. Kxe1 Nd3+ 40. Kd2 Nxb2 41. Kc2 Bd8 42. Nd5 Nc4 43. Kc3 Ne5 44. f4 Ng4 45. h3 Nf2 46. h4 Kf7 47. f5 Ke8 48. Nf4 Ba5+ 49. Kc4 Bd2 50. Kd4 Ng4 51. Nd5 Kd7 52. Kd3 Be1 53. h5 Kd6 54. Kd4 Bf2 55. Ke4 Bxe3 56. Nb4 a5 57. Nd3 Nf2+ 58. Kxe3 Nxd3 59. Kxd3 Ke5 60. Kc4 Kxf5 61. Kb5 Kg4 62. Kxa5 f5 63. Kb6 f4 64. a4 f3 65. a5 f2 66. a6 f1Q 67. Kb7 Qxa6+ 0-1

[Event "GER-ch U25-A"]
[Site "Willingen"]
[Date "2018.05.20"]
[Round "1"]
[White "Reitz, Philipp"]
[Black "Grunert, Friedrich"]
[Result "1-0"]
[WhiteElo "1980"]
[BlackElo "1812"]
[PlyCount "65"]
[EventDate "2018.05.19"]
[EventType "swiss"]
[EventRounds "9"]
[EventCountry "GER"]
[SourceTitle "CBM 184 Extra"]
[Source "ChessBase"]
[SourceDate "2018.06.28"]
[SourceVersion "1"]
[SourceVersionDate "2018.06.28"]
[SourceQuality "1"]

1. e4 e6 2. d4 d5 3. Nc3 Bb4 4. e5 c5 5. Bd2 Nh6 6. a3 Bxc3 7. Bxc3 b6 8. Bb5+ Bd7 9. Bd3 Nc6 10. Nf3 cxd4 11. Bxd4 Nxd4 12. Nxd4 0-0 13. 0-0 f6 14. Nf3 Be8 15. Nd4 Qe7 16. Qe2 fxe5 17. Qxe5 Rf6 18. Rae1 Nf7 19. Qxd5 Rd8 20. Qe4 Ng5 21. Qg4 Rh6 22. h4 Rxd4 23. Qxd4 Rxh4 24. Qe5 Rh5 25. Qe3 Bc6 26. f4 Nf3+ 27. Rxf3 Bxf3 28. Qxf3 Qh4 29. Rxe6 Qh2+ 30. Kf2 Qh4+ 31. Ke2 Rc5 32. Qa8+ Kf7 33. Qe8# 1-0

[Event "EU Union-ch U14"]
[Site "Kouty nad Desnou"]
[Date "2017.08.27"]
[Round "9"]
[White "Grunert, Friedrich"]
[Black "Trzaskowska, Hanna"]
[Result "0-1"]
[WhiteElo "1750"]
[BlackElo "1307"]
[PlyCount "100"]
[EventDate "2017.08.19"]
[EventType "swiss"]
[EventRounds "9"]
[EventCountry "CZE"]
[SourceTitle "CBM 180 Extra"]
[Source "ChessBase"]
[SourceDate "2017.10.06"]
[SourceVersion "1"]
[SourceVersionDate "2017.10.06"]
[SourceQuality "1"]

1. e4 e5 2. Nf3 Nc6 3. Bb5 a6 4. Ba4 Nf6 5. 0-0 Be7 6. Re1 b5 7. Bb3 d6 8. c3 0-0 9. h3 Na5 10. Bc2 c5 11. d4 Qc7 12. Nbd2 cxd4 13. cxd4 Nc6 14. d5 Nb4 15. Bb1 a5 16. Nf1 Bd7 17. a3 Na6 18. g4 Rfc8 19. Ng3 Nc5 20. Nf5 Bxf5 21. gxf5 g6 22. Kh2 Kh8 23. Rg1 Nfxe4 24. Bxe4 Nxe4 25. fxg6 fxg6 26. Be3 Qc2 27. Qxc2 Rxc2 28. Rac1 Rac8 29. Rxc2 Rxc2 30. Rc1 Rxc1 31. Bxc1 Nxf2 32. Be3 Ne4 33. Nd2 Nf6 34. Bg5 Nxd5 35. Ne4 Bxg5 36. Nxg5 Kg7 37. Ne4 Ne3 38. Nxd6 Nc4 39. Nxb5 Nxb2 40. Kg3 Nc4 41. Kf3 Kf6 42. Ke4 Ke6 43. h4 Nd6+ 44. Nxd6 Kxd6 45. Kd3 Kd5 46. Ke3 e4 47. Ke2 Kd4 48. Kd2 e3+ 49. Ke2 Ke4 50. a4 h6 0-1

[Event "EU Union-ch U14"]
[Site "Kouty nad Desnou"]
[Date "2017.08.26"]
[Round "8"]
[White "Grunert, Friedrich"]
[Black "Budkiewicz, Magdalena"]
[Result "1/2-1/2"]
[WhiteElo "1750"]
[BlackElo "1617"]
[PlyCount "70"]
[EventDate "2017.08.19"]
[EventType "swiss"]
[EventRounds "9"]
[EventCountry "CZE"]
[SourceTitle "CBM 180 Extra"]
[Source "ChessBase"]
[SourceDate "2017.10.06"]
[SourceVersion "1"]
[SourceVersionDate "2017.10.06"]
[SourceQuality "1"]

1. e4 c5 2. Nf3 d6 3. c3 Nf6 4. Be2 Bd7 5. d3 Bc6 6. 0-0 e6 7. Bg5 Nbd7 8. Re1 Be7 9. Nbd2 0-0 10. Bf1 b5 11. d4 a5 12. Bd3 h6 13. Bh4 Re8 14. Bb1 e5 15. d5 Bb7 16. h3 Nxd5 17. exd5 Bxh4 18. Nxh4 Qxh4 19. Ne4 Ra6 20. a4 b4 21. Bd3 Rb6 22. Bb5 Rd8 23. c4 Ba6 24. b3 f5 25. Ng3 f4 26. Ne4 Bc8 27. Qg4 Qxg4 28. hxg4 Kf7 29. Bxd7 Bxd7 30. f3 Kg6 31. Kf2 Rh8 32. Rh1 Kf7 33. Rh2 Ke7 34. Rah1 Rbb8 35. g5 Bf5 1/2-1/2

[Event "EU Union-ch U14"]
[Site "Kouty nad Desnou"]
[Date "2017.08.23"]
[Round "5"]
[White "Skurniak, Szymon"]
[Black "Grunert, Friedrich"]
[Result "1-0"]
[WhiteElo "1630"]
[BlackElo "1750"]
[PlyCount "77"]
[EventDate "2017.08.19"]
[EventType "swiss"]
[EventRounds "9"]
[EventCountry "CZE"]
[SourceTitle "CBM 180 Extra"]
[Source "ChessBase"]
[SourceDate "2017.10.06"]
[SourceVersion "1"]
[SourceVersionDate "2017.10.06"]
[SourceQuality "1"]

1. e4 e6 2. d4 d5 3. Nc3 Bb4 4. e5 c5 5. Bd2 a6 6. Qg4 Kf8 7. Nf3 c4 8. Be2 Nc6 9. a3 Ba5 10. 0-0 Nge7 11. Bg5 Qc7 12. Nd1 Nf5 13. c3 Bb6 14. Ne3 Na5 15. Qh3 Nb3 16. Rad1 Qd7 17. g4 Ne7 18. Nh4 h6 19. Bxe7+ Kxe7 20. f4 Kd8 21. f5 Kc7 22. fxe6 fxe6 23. Ng6 Rg8 24. g5 Qe8 25. Bh5 Bd7 26. Nf8 g6 27. Nxg6 Rxg6 28. Bxg6 Qxg6 29. Qxh6 Qxh6 30. gxh6 Rh8 31. Ng4 Kc6 32. Rf7 Bd8 33. h7 Be8 34. Rg7 Bh5 35. h3 Bh4 36. Kg2 a5 37. Kf3 Rf8+ 38. Ke3 Rh8 39. Rf1 1-0

[Event "Regionalliga SW 1617"]
[Site "Bayern"]
[Date "2017.02.19"]
[Round "6.8"]
[White "Demir, Bilal"]
[Black "Grunert, Friedrich"]
[Result "1/2-1/2"]
[WhiteElo "2113"]
[BlackElo "1754"]
[PlyCount "82"]
[EventDate "2016.10.16"]
[EventType "team-tourn"]
[EventRounds "9"]
[EventCountry "GER"]
[SourceTitle "EXT 2019"]
[Source "ChessBase"]
[SourceDate "2018.10.10"]
[SourceVersion "1"]
[SourceVersionDate "2018.10.10"]
[SourceQuality "1"]
[WhiteTeam "Unterhaching"]
[BlackTeam "Muenchen Suedost II"]
[WhiteTeamCountry "GER"]
[BlackTeamCountry "GER"]

1. e4 c5 2. c3 d5 3. exd5 Qxd5 4. d4 Nf6 5. Nf3 Bg4 6. Nbd2 e6 7. Bc4 Qd8 8. Qa4+ Nbd7 9. Ne5 Bf5 10. Ndf3 a6 11. Nxd7 Qxd7 12. Qxd7+ Nxd7 13. Be3 Rc8 14. Be2 c4 15. Ne5 b5 16. Bf3 Nxe5 17. dxe5 a5 18. Bb6 a4 19. Bb7 Rb8 20. Bc6+ Ke7 21. Ba5 f6 22. 0-0-0 Bd3 23. Bc7 g6 24. exf6+ Kxf6 25. Bxb8 Bh6+ 26. f4 Rxb8 27. g3 e5 28. Bf3 exf4 29. g4 b4 30. cxb4 Rxb4 31. h4 Bg7 32. a3 Rb3 33. Rd2 Kf7 34. Bd1 Rb6 35. Be2 Bc3 36. Bxd3 Bxd2+ 37. Kxd2 cxd3 38. Kxd3 Rxb2 39. Ke4 Rb3 40. Kxf4 Rxa3 41. Rc1 Rb3 1/2-1/2

[Event "Regionalliga SW 1617"]
[Site "Bayern"]
[Date "2017.02.05"]
[Round "5.8"]
[White "Grunert, Friedrich"]
[Black "Lux, Werner"]
[Result "1/2-1/2"]
[WhiteElo "1754"]
[BlackElo "1996"]
[PlyCount "45"]
[EventDate "2016.10.16"]
[EventType "team-tourn"]
[EventRounds "9"]
[EventCountry "GER"]
[SourceTitle "EXT 2019"]
[Source "ChessBase"]
[SourceDate "2018.10.10"]
[SourceVersion "1"]
[SourceVersionDate "2018.10.10"]
[SourceQuality "1"]
[WhiteTeam "Muenchen Suedost II"]
[BlackTeam "Tuerkheim/Bad Woerishofen"]
[WhiteTeamCountry "GER"]
[BlackTeamCountry "GER"]

1. e4 c5 2. Nf3 e6 3. d4 cxd4 4. Nxd4 Qb6 5. Nc3 Bc5 6. Na4 Qa5+ 7. c3 Be7 8. Bd2 a6 9. c4 Qc7 10. Nc3 Nc6 11. Be3 Nf6 12. a3 0-0 13. Be2 Rd8 14. 0-0 Ne5 15. Rc1 d6 16. f4 Ned7 17. f5 e5 18. Nf3 Nc5 19. Qc2 Qc6 20. Nd5 Nxd5 21. cxd5 Qe8 22. b4 Na4 23. Qd2 1/2-1/2

[Event "GER-chT U14"]
[Site "Duesseldorf"]
[Date "2016.12.29"]
[Round "6.3"]
[White "Grunert, Friedrich"]
[Black "Sowka, Patrick"]
[Result "1-0"]
[WhiteElo "1675"]
[BlackElo "1686"]
[PlyCount "117"]
[EventDate "2016.12.27"]
[EventType "team-swiss"]
[EventRounds "7"]
[EventCountry "GER"]
[SourceTitle "EXT 2018"]
[Source "ChessBase"]
[SourceDate "2017.10.13"]
[SourceVersion "1"]
[SourceVersionDate "2017.10.13"]
[SourceQuality "1"]
[WhiteTeam "Muenchen Suedost U14"]
[BlackTeam "Ergolding U14"]
[WhiteTeamCountry "GER"]
[BlackTeamCountry "GER"]

1. e4 e5 2. Nf3 Nc6 3. Bb5 d6 4. d4 exd4 5. Nxd4 Bd7 6. Bxc6 Bxc6 7. Nxc6 bxc6 8. 0-0 Be7 9. Bf4 Rb8 10. b3 Nf6 11. Nc3 d5 12. e5 Nd7 13. Qg4 g5 14. Be3 Rb4 15. Qd1 Nxe5 16. Bd4 f6 17. Re1 Qd6 18. a3 Rb7 19. b4 0-0 20. Qe2 Qe6 21. Qa6 Rbb8 22. Qxa7 Qc8 23. Bxe5 fxe5 24. Qe3 Bf6 25. Qd2 Qf5 26. Rf1 Rbe8 27. Rae1 Kg7 28. Ne2 e4 29. Ng3 Qe6 30. Nh5+ Kg6 31. Nxf6 Rxf6 32. Re3 Qe5 33. Rg3 h6 34. h4 Ref8 35. hxg5 hxg5 36. Qe2 Rh8 37. Rh3 Rxh3 38. gxh3 Rf3 39. Kg2 Rxa3 40. Rh1 Rf3 41. h4 gxh4 42. Kf1 h3 43. Rxh3 Rf5 44. Qg4+ Rg5 45. Qh4 Qa1+ 46. Ke2 Qa6+ 47. Kd2 e3+ 48. Rxe3 Qc8 49. Rh3 Qg4 50. Qxg4 Rxg4 51. Rg3 Rxg3 52. fxg3 Kf5 53. Ke3 Kg4 54. Kf2 Kf5 55. Ke3 Ke5 56. g4 d4+ 57. Kd3 Kf4 58. Kxd4 Kxg4 59. Kc5 1-0

[Event "GER-chT U14"]
[Site "Duesseldorf"]
[Date "2016.12.28"]
[Round "4.3"]
[White "Grunert, Friedrich"]
[Black "Spaeth, Rene"]
[Result "1-0"]
[WhiteElo "1675"]
[BlackElo "1384"]
[PlyCount "123"]
[EventDate "2016.12.27"]
[EventType "team-swiss"]
[EventRounds "7"]
[EventCountry "GER"]
[SourceTitle "EXT 2018"]
[Source "ChessBase"]
[SourceDate "2017.10.13"]
[SourceVersion "1"]
[SourceVersionDate "2017.10.13"]
[SourceQuality "1"]
[WhiteTeam "Muenchen Suedost U14"]
[BlackTeam "Biberach U14"]
[WhiteTeamCountry "GER"]
[BlackTeamCountry "GER"]

1. e4 c5 2. Nf3 Nc6 3. d4 cxd4 4. Nxd4 Nf6 5. Nc3 e5 6. Ndb5 b6 7. Nd6+ Bxd6 8. Qxd6 Qe7 9. Qxe7+ Nxe7 10. Bg5 Nh5 11. Bxe7 Kxe7 12. Nd5+ Kd8 13. 0-0-0 Re8 14. g3 Re6 15. Bh3 Rc6 16. Rd2 g6 17. Rhd1 a6 18. Ne3 Ra7 19. Ng4 Re6 20. Nh6 Re7 21. Rd6 Rb7 22. Bg4 Ng7 23. Ng8 Re8 24. Nf6 Re7 25. Nxh7 Ne8 26. R6d3 f5 27. exf5 Rxh7 28. h4 gxf5 29. Bxf5 Rf7 30. Be4 Rc7 31. R3d2 Nf6 32. Bg6 Rf8 33. h5 Ng4 34. Rf1 Rc6 35. f3 Rcf6 36. Rd3 Bb7 37. Rfd1 Bxf3 38. Rxd7+ Kc8 39. R1d2 e4 40. Re7 e3 41. Rdd7 Rd8 42. Rc7+ Kb8 43. Bd3 Nf2 44. Be2 Bg2 45. b3 Rd2 46. Bxa6 Rf8 47. Rc3 Ng4 48. Rcxe3 Nxe3 49. Kxd2 Nf1+ 50. Bxf1 Bxf1 51. h6 Rh8 52. h7 Bh3 53. Rg7 Bc8 54. g4 Be6 55. g5 Rd8+ 56. Kc1 b5 57. g6 b4 58. Re7 Bf5 59. Rg7 Be6 60. Rg8 Rxg8 61. g7 Kc7 62. h8Q 1-0

[Event "EU Union-ch U12"]
[Site "Kouty nad Desnou"]
[Date "2016.08.14"]
[Round "9"]
[White "Gyerpal, Adrian"]
[Black "Grunert, Friedrich"]
[Result "1-0"]
[WhiteElo "1725"]
[BlackElo "1719"]
[PlyCount "113"]
[EventDate "2016.08.06"]
[EventType "swiss"]
[EventRounds "9"]
[EventCountry "CZE"]
[SourceTitle "CBM 174 Extra"]
[Source "ChessBase"]
[SourceDate "2016.10.10"]
[SourceVersion "1"]
[SourceVersionDate "2016.10.10"]
[SourceQuality "1"]

1. d4 Nf6 2. c4 g6 3. Nf3 Bg7 4. g3 d6 5. Bg2 0-0 6. 0-0 Nbd7 7. Nc3 e5 8. h3 c6 9. e4 Qb6 10. Re1 exd4 11. Nxd4 Ng4 12. Nce2 Nge5 13. b3 Nc5 14. Be3 Qc7 15. f4 Ned7 16. Nc3 Nf6 17. Qc2 Re8 18. Rad1 Bd7 19. b4 Ne6 20. Nxe6 Bxe6 21. c5 dxc5 22. Bxc5 Rad8 23. Kh2 b6 24. Be3 Nh5 25. e5 f6 26. Rxd8 Rxd8 27. Nb5 Qe7 28. exf6 Nxf6 29. Qxc6 Rc8 30. Qf3 Qxb4 31. Bd2 Qxd2 32. Rxe6 Qd7 33. Qb3 Kh8 34. Nd6 Rf8 35. Bc6 Qc7 36. Nb5 Qd8 37. Nd6 Qc7 38. Nb5 Qd8 39. Nd6 Qc7 40. Nb5 Qd8 41. Rd6 Qe7 42. Re6 Qd8 43. Qc2 Qc8 44. Re7 a6 45. Nd6 Qd8 46. Nf7+ Rxf7 47. Rxf7 h5 48. Qxg6 Qd2+ 49. Bg2 Ng4+ 50. hxg4 Qb2 51. Rxg7 Qxg7 52. Qxg7+ Kxg7 53. gxh5 b5 54. Bb7 a5 55. Bc6 b4 56. Ba4 Kh6 57. g4 1-0

[Event "EU Union-ch U12"]
[Site "Kouty nad Desnou"]
[Date "2016.08.13"]
[Round "8"]
[White "Grunert, Friedrich"]
[Black "Englert, Jon"]
[Result "0-1"]
[WhiteElo "1719"]
[BlackElo "1797"]
[PlyCount "166"]
[EventDate "2016.08.06"]
[EventType "swiss"]
[EventRounds "9"]
[EventCountry "CZE"]
[SourceTitle "CBM 174 Extra"]
[Source "ChessBase"]
[SourceDate "2016.10.10"]
[SourceVersion "1"]
[SourceVersionDate "2016.10.10"]
[SourceQuality "1"]

1. e4 g6 2. d4 Bg7 3. Nc3 d6 4. f4 a6 5. Nf3 b5 6. Bd3 Nd7 7. e5 e6 8. exd6 cxd6 9. 0-0 Ne7 10. Ne4 Qb6 11. c3 0-0 12. Kh1 Bb7 13. Re1 Rac8 14. Be3 Nd5 15. Bd2 Rc7 16. a3 Rfc8 17. Qe2 Qc6 18. Neg5 Nf8 19. Be4 h6 20. Nh3 Qc4 21. Nf2 f5 22. Bd3 Qc6 23. Rac1 Nb6 24. Nd1 Qd7 25. Ne3 Nc4 26. Nxc4 bxc4 27. Bc2 Bd5 28. Rb1 Rb7 29. Qd1 Rcb8 30. Bc1 Nh7 31. Kg1 Rb6 32. Nd2 Qb7 33. Qe2 Qc8 34. Qd1 Nf8 35. Re3 Rc6 36. Ba4 Rc7 37. Qc2 Kh7 38. Nf1 Be4 39. Rxe4 fxe4 40. Qxe4 Qb7 41. Qe2 Rf7 42. Qxc4 Qe4 43. Ra1 g5 44. Ne3 Qxf4 45. Qd3+ Kh8 46. Bd2 Qf2+ 47. Kh1 Rxb2 48. Rf1 Qxd2 49. Qxd2 Rxf1+ 50. Nxf1 Rxd2 51. Nxd2 d5 52. Kg1 e5 53. dxe5 Bxe5 54. c4 Bc3 55. Nb1 Bd4+ 56. Kf1 dxc4 57. Bc2 Nd7 58. Nd2 Nb6 59. a4 a5 60. Ke2 Kg7 61. Kf3 Kf6 62. Ke4 Bc5 63. Nf3 Ke6 64. Nd4+ Bxd4 65. Kxd4 Kd6 66. g4 Nd5 67. Be4 c3 68. Kd3 c2 69. Kxc2 Ne3+ 70. Kb3 Nxg4 71. h3 Nf2 72. Bf5 Ke5 73. Bc8 Kd4 74. Kc2 Kc4 75. Kd2 Ne4+ 76. Ke3 Nc5 77. Kf3 Nxa4 78. Kg4 Nc5 79. h4 gxh4 80. Kxh4 a4 81. Bf5 a3 82. Bh7 Nb3 83. Bb1 Kc3 0-1

[Event "EU Union-ch U12"]
[Site "Kouty nad Desnou"]
[Date "2016.08.10"]
[Round "5"]
[White "Vokoun, Tomas"]
[Black "Grunert, Friedrich"]
[Result "0-1"]
[WhiteElo "1371"]
[BlackElo "1719"]
[PlyCount "66"]
[EventDate "2016.08.06"]
[EventType "swiss"]
[EventRounds "9"]
[EventCountry "CZE"]
[SourceTitle "CBM 174 Extra"]
[Source "ChessBase"]
[SourceDate "2016.10.10"]
[SourceVersion "1"]
[SourceVersionDate "2016.10.10"]
[SourceQuality "1"]

1. e4 e6 2. d4 d5 3. e5 c5 4. c3 Qb6 5. Nf3 Nc6 6. a3 c4 7. Nbd2 Na5 8. Be2 Bd7 9. a4 f6 10. 0-0 f5 11. Qc2 0-0-0 12. Bd1 h6 13. b4 Nc6 14. a5 Qc7 15. Nb1 Be8 16. Qa2 Nb8 17. Ba4 Qf7 18. Bxe8 Qxe8 19. Qa4 Qxa4 20. Rxa4 Nc6 21. b5 Nb8 22. Ba3 Bxa3 23. Rxa3 g5 24. g3 Ne7 25. Nbd2 Rdg8 26. Rb1 h5 27. h4 gxh4 28. Nxh4 Rg4 29. Kh2 Rhg8 30. Rg1 f4 31. Raa1 Nf5 32. Nxf5 exf5 33. gxf4 Rh4# 0-1

[Event "EU Union-ch U12"]
[Site "Kouty nad Desnou"]
[Date "2016.08.09"]
[Round "4"]
[White "Grunert, Friedrich"]
[Black "Szemplinski, Jerzy"]
[Result "0-1"]
[WhiteElo "1719"]
[BlackElo "1213"]
[PlyCount "74"]
[EventDate "2016.08.06"]
[EventType "swiss"]
[EventRounds "9"]
[EventCountry "CZE"]
[SourceTitle "CBM 174 Extra"]
[Source "ChessBase"]
[SourceDate "2016.10.10"]
[SourceVersion "1"]
[SourceVersionDate "2016.10.10"]
[SourceQuality "1"]

1. e4 c5 2. Nf3 e6 3. d4 cxd4 4. Nxd4 Nf6 5. Nc3 Nc6 6. Be3 Bb4 7. f3 0-0 8. Qd2 e5 9. Nf5 d5 10. exd5 Nxd5 11. Ng3 Qa5 12. Nge2 Rd8 13. Qc1 Nxc3 14. bxc3 Bxc3+ 15. Nxc3 Qxc3+ 16. Kf2 Bf5 17. Kg1 Rd1 18. Bf2 Rxc1 19. Rxc1 Qd2 20. Rb1 Nd4 21. h4 Ne2+ 22. Bxe2 Qxe2 23. Rxb7 a6 24. Bg3 h6 25. Kh2 e4 26. Re1 Qxc2 27. Rc7 Qxa2 28. fxe4 Be6 29. Rf1 a5 30. Rf3 a4 31. Be5 h5 32. Rfc3 Qf2 33. R3c6 Qxh4+ 34. Kg1 Bg4 35. Rb6 Rd8 36. Bd6 Rc8 37. Be7 Qe1+ 0-1

[Event "GER-ch U25-A"]
[Site "Willingen"]
[Date "2016.05.21"]
[Round "9"]
[White "Hofmann, Marko"]
[Black "Grunert, Friedrich"]
[Result "1-0"]
[WhiteElo "1812"]
[BlackElo "1694"]
[PlyCount "49"]
[EventDate "2016.05.15"]
[EventType "swiss"]
[EventRounds "9"]
[EventCountry "GER"]
[SourceTitle "CBM 172 Extra"]
[Source "ChessBase"]
[SourceDate "2016.06.21"]
[SourceVersion "1"]
[SourceVersionDate "2016.06.21"]
[SourceQuality "1"]

1. d4 Nf6 2. Nc3 d5 3. e4 dxe4 4. f3 exf3 5. Nxf3 Bg4 6. h3 Bxf3 7. Qxf3 c6 8. Be3 e6 9. Bd3 Be7 10. 0-0-0 0-0 11. g4 Nd5 12. h4 Nxc3 13. bxc3 Qd5 14. Qh3 Qxa2 15. g5 Nd7 16. h5 Nb6 17. Bxh7+ Kxh7 18. g6+ Kg8 19. h6 fxg6 20. hxg7 Kf7 21. Rdf1+ Ke8 22. Rxf8+ Bxf8 23. gxf8Q+ Kd7 24. Qf7+ Kd8 25. Qh8# 1-0